| 000 | 00474nam a2200169Ia 4500 | ||
|---|---|---|---|
| 999 |
_c27920 _d27920 |
||
| 003 | OSt | ||
| 005 | 20210111133154.0 | ||
| 008 | 190216s9999||||xx |||||||||||||| ||und|| | ||
| 040 | _coclc | ||
| 082 |
_a894.8122 _bANA/R |
||
| 100 |
_aAnand _96428 |
||
| 245 | 0 |
_aRandu Natakangal / _cAnand |
|
| 260 |
_bPrabhath Book House, _c1998. _aTrivandrum: |
||
| 300 | _a167p | ||
| 650 | _aMalayalam Nadakam | ||
| 942 |
_cBK _2ddc _h894.8122 _iANA/R _k894.8122 _mANA/R |
||